000 00279nam a2200097Ia 4500
001 1214789
005 20250827024539.0
008 250824s9999 xx 000 0 und d
245 0 _aBEYLİKTEN HÜKÜMDARLIĞA OSMANLI PADİŞAHLARI
_cYAVUZ BAHADIROĞLU
260 _bPANAMA YAYINLARI
999 _c1214789
_d1214789